000 00755nam a2200289Ia 4500
005 20260324111514.0
008 008 260324s9999 xx 000 0 eng d
020 _a9781003569282
037 _aEBOOK
040 _aCRL
040 _beng
040 _cCRL
041 _2eng
041 _aeng
084 _qCRL
100 _aShrikaant Kulkarni; Shashikant Bhandari; Dushyant Varshney; P. William
_91138839
245 0 _aArtificial Intelligence for Chemical Sciences
245 0 _bConcepts, Models, and Applications
260 _bTaylor and Francis
260 _c2025
365 _a
365 _b385
856 _uhttp://www.taylorfrancis.com/books/9781003569282
942 _cEBOOK
999 _c1727690
_d1727690